Subdivisions of Saint Vincent and the Grenadines - Statistics

General Stats
  • This quiz has been taken 5 times
  • The average score is 5 of 6
Answer Stats
Answer % Correct
Charlotte
100%
Grenadines
100%
Saint George
100%
Saint Andrew
80%
Saint Patrick
80%
Saint David
60%
No matching quizzes found
Score Distribution
Percent of People with Each Score
Percentile by Number Answered
Your Score History
You have not taken this quiz